000
00418nam a2200145Ia 4500
008
100204s9999 xx 000 0 und d
082
_b
524
100
_a
भावे पुरुषोत्तम भास्कर
245
_a
रुप
260
_b
"मेनका प्रकाशन , पुणे"
_c
"1977,2"
300
_a
144
630
_a
रुप
730
_a
रुप
942
_c
BOOK
999
_c
445719
_d
445716